000 00649nam a22002057a 4500
003 DO-SdBNP
005 20171127113018.0
008 171127b 2006 ch ||||| |||| 00| 0 spa d
020 _a9567950407
040 _aBPMSU
_bspa
_cBPMSU
092 _axxxx
_bxxxx
100 1 _aVial Campos, Pelayo
245 1 0 _aTécnicas y fundamentos del contraexamen en el proceso penal chileno /
_cPelayo Vial Campos.
260 _aSantiago, Chile :
_bLibrotecnia,
_c2006.
300 _a348 p. :
_bil. ;
_c24 cm.
504 _aBibliografĂ­a : p. 335-339
942 _2ddc
_cBK
945 _aInvetariado 2017/LP
956 _aLOPEREZ
_b10
_c20171127
_h0041
_iBPMSU
999 _c13120
_d13120